| 000 | 00342nam a22001337a 4500 | ||
|---|---|---|---|
| 008 | 180910b xxu||||| |||| 00| 0 eng d | ||
| 020 | _a9781400066421 | ||
| 041 | _aeng | ||
| 080 | _a330 | ||
| 100 | _a42 | ||
| 101 | _aECO | ||
| 245 |
_aThe Logic Of Lifeee The rational Economics Of aN irrational World _cHrford.t |
||
| 942 |
_2udc _cBK |
||
| 999 |
_c47613 _d47613 |
||